| 000 | 01257nam a22003497a 4500 | ||
|---|---|---|---|
| 003 | CHAP | ||
| 005 | 20220329140145.0 | ||
| 008 | 971013s1995 r 00010 d | ||
| 010 | _a47829 | ||
| 011 | _a48801 | ||
| 035 | _a52948 | ||
| 040 | _cCHAP | ||
| 090 | _aTesis | ||
| 100 | 0 | 0 |
_aPérez Juárez, José Francisco. _989767 |
| 245 | _aAnálisis económico de la unidad de operación Cortazar de la productora nacional de semillas (1983-1991) | ||
| 260 |
_aChapingo, Méx. : _bEl autor, _c1995 |
||
| 300 | _a106 h. | ||
| 502 | _aTesis (Ing. Agr. Esp. en Economía Agrícola) -- UACH. Departamento de Economía Agrícola | ||
| 590 |
_aALEPH _b10 _c20130110 _lUCH01 _h1318 |
||
| 590 |
_aBATCH-UPD _b10 _c20130110 _lUCH01 _h0839 |
||
| 590 |
_aBATCH-UPD _b10 _c20130410 _lUCH01 _h0517 |
||
| 590 |
_aBATCH-UPD _b10 _c20130914 _lUCH01 _h1925 |
||
| 590 |
_aCONVERSION _b10 _c20130109 _lUCH01 _h1326 |
||
| 650 | 1 | 4 |
_aSemillas _xCertificación. _9103883 |
| 650 | 1 | 4 |
_aSemillas _xCostos de producción. _9103888 |
| 650 | 1 | 4 |
_aSemillas _xMercadeo _xGuanajuato. _9103918 |
| 650 | 1 | 4 |
_aSemillas _xProducción. _9103927 |
| 901 | _aBK | ||
| 942 | _cFOLL | ||
| 949 |
_bBC _cTES _d-117682 _eTS1 _h28146 _i52948 _si |
||
| 949 |
_bBC _cTES _d33724000007142 _eTS2 _fc.2 _h28147 _i52948 _si |
||
| 999 |
_c47829 _d47829 |
||